Hybridní lineární stochastický předpovědní model pro řízení zásobní funkce nádrže

Zostavenie stochastického prognostického modelu - generátoru krátkych umelých radov - pri riadení zásobnej funkcie vodnej nádrže.

Salvato in:
Dettagli Bibliografici
Autore principale: Kozel, Tomáš
Natura: Capitolo di libro
Lingua:ceco
Soggetti:
Tags: Aggiungi Tag
Nessun Tag, puoi essere il primo ad aggiungerne!!

MARC

LEADER 00000naa a2200000 4500
001 0246789
005 20221104112957.1
041 0 |a cze 
044 |a SK 
245 1 0 |a Hybridní lineární stochastický předpovědní model pro řízení zásobní funkce nádrže  |c Tomáš Kozel 
520 |a Zostavenie stochastického prognostického modelu - generátoru krátkych umelých radov - pri riadení zásobnej funkcie vodnej nádrže. 
610 2 0 |a vodohospodárstvo 
610 2 0 |a nádrže vodné 
610 2 0 |a riadenie zásob 
610 2 0 |a modely prognostické 
610 2 0 |a modely lineárne 
100 1 |a Kozel, Tomáš